Oregon Alumni - Statistics

General Stats
  • This quiz has been taken 10 times
  • The average score is 11 of 25
Answer Stats
Hint Answer % Correct
Co-founder of Nike Phil Knight
90%
Quarterback who plays for the Los Angeles Chargers Justin Herbert
70%
Quarterback who plays for the Washington Commanders (former Titans quarterback and second overall draft pick) and Heisman Trophy winner 2014 Marcus Mariota
60%
Offensive tackle who plays for the Detroit Lions Penei Sewell
60%
Author of "Fight Club" Chuck Palahniuk
50%
Hall of Fame quarterback who played for the San Diego Chargers Dan Fouts
50%
Canadian small forward who plays for the Houston Rockets Dillon Brooks
50%
Hall of Fame football coach (Oakland Raiders), sports commentator and namesake of the best selling American football video game franchise of all time John Madden
50%
Basketball head coach at Gonzaga University since 1999 Mark Few
50%
Former Jamaican-American safety who played for the New England Patriots Patrick Chung
50%
Senator from Oregon since 1996 Ron Wyden
50%
Governor of Oregon since 2023 Tina Kotek
50%
Former decathlete and two-time Olympic champion Ashton Eaton
40%
Co-founder of Nike Bill Bowerman
40%
Director, "The Remains of the Day" "Howards End" "A Room with a View" James Ivory
40%
Actress best known for her roles as Sweet Dee in "It's Always Sunny in Philadelphia" and Morgan Gillory in "High Potential" Kaitlin Olson
40%
Author of "One Flew Over the Cuckoo's Nest" Ken Kesey
40%
Point guard who plays for the New York Liberty and 2020 WNBA's first overall pick Sabrina Ionescu
40%
Governor of Oregon from 1995 to 2003 and again from 2011 to 2015 John Kitzhaber
30%
General manager of the New Orleans Saints since 2002 Mickey Loomis
30%
Secretary of the Interior from 2017 to 2019 Ryan Zinke
30%
German-American small forward who plays for the Dallas Wings and 2020 WNBA's second overall pick Satou Sabally
30%
Actor best known for his role as Phil Dunphy in "Modern Family" Ty Burrell
30%
Actor, "A Star Is Born" "Lifeguard" "Gettysburg" "Hulk" Sam Elliott
20%
Golfer and winner of the 2023 U.S. Open Wyndham Clark
20%
No matching quizzes found
Score Distribution
Percent of People with Each Score
Percentile by Number Answered
Your Score History
You have not taken this quiz